Normal view
MARC view
- Inventory control.
Entry Topical Term
001 - CONTROL NUMBER
- control field: 2293
003 - CONTROL NUMBER IDENTIFIER
- control field: NUST
005 - DATE AND TIME OF LATEST TRANSACTION
- control field: 20170608122601.0
008 - FIXED-LENGTH DATA ELEMENTS
- fixed length control field: 170608|| aca||aabn | a|a d
040 ## - CATALOGING SOURCE
- Original cataloging agency: NUST
- Transcribing agency: NUST
150 ## - HEADING--TOPICAL TERM
- Topical term or geographic name entry element: Inventory control.
670 ## - SOURCE DATA FOUND
- Source citation: Work cat.: (NUST)23744: Tersine, Richard J. 2292, Principles of inventory and materials management /, c1994.
